[Event "ROM-ch (Women)"]
[Site "Targu Mures"]
[Date "2014.05.02"]
[Round "7"]
[White "Dobre, Ana Margareta Alexa"]
[Black "Gal, Imola Katalin"]
[Result "1-0"]
[WhiteElo "1922"]
[BlackElo "2062"]
[PlyCount "111"]
[EventDate "2014.04.26"]
[EventType "swiss"]
[EventRounds "9"]
[EventCountry "ROU"]
[SourceTitle "CBM 160 Extra"]
[Source "ChessBase"]
[SourceDate "2014.07.01"]
[SourceVersion "1"]
[SourceVersionDate "2014.07.01"]
[SourceQuality "1"]

1. e4 e5 2. d3 Nf6 3. Nf3 Nc6 4. c3 d5 5. Nbd2 h6 6. Be2 Be7 7. 0-0 0-0 8. Qc2 Be6 9. Re1 Qd7 10. Bf1 dxe4 11. dxe4 a6 12. Nc4 Bd6 13. Nh4 Bxc4 14. Bxc4 Qg4 15. Nf5 Ne7 16. Nxh6+ gxh6 17. Bxh6 Ng6 18. Re3 b5 19. Rg3 Qh5 20. Rh3 Qg4 21. Rg3 Qh5 22. Bxf8 Rxf8 23. Be2 Qh4 24. Rh3 Qg5 25. Rd1 Kg7 26. a4 Rh8 27. Rxh8 Kxh8 28. axb5 axb5 29. Bxb5 Nf4 30. Bf1 Bc5 31. g3 N6h5 32. Qd2 Kg7 33. Kh1 Ne6 34. Qxg5+ Nxg5 35. Rd5 Bd6 36. f4 Nxe4 37. fxe5 Be7 38. Rd7 Kf8 39. Rxc7 Nf2+ 40. Kg2 Ng4 41. Be2 Nxe5 42. Bxh5 Nd3 43. b4 Ke8 44. b5 Kd8 45. Ra7 Ne1+ 46. Kf1 Nc2 47. Bxf7 Ne3+ 48. Ke2 Nf5 49. Rxe7 Kxe7 50. Bg6 Nd6 51. Bd3 Nf7 52. Ke3 Kd6 53. h4 Nh6 54. Kf4 Nf7 55. h5 Ne5 56. Be4 1-0

[Event "ROM-ch (Women)"]
[Site "Targu Mures"]
[Date "2014.05.01"]
[Round "6"]
[White "Gal, Imola Katalin"]
[Black "Moldovan, Petruta Alisia"]
[Result "1-0"]
[WhiteElo "2062"]
[BlackElo "1690"]
[PlyCount "89"]
[EventDate "2014.04.26"]
[EventType "swiss"]
[EventRounds "9"]
[EventCountry "ROU"]
[SourceTitle "CBM 160 Extra"]
[Source "ChessBase"]
[SourceDate "2014.07.01"]
[SourceVersion "1"]
[SourceVersionDate "2014.07.01"]
[SourceQuality "1"]

1. e4 c5 2. Nf3 e6 3. d4 cxd4 4. Nxd4 Nc6 5. Nc3 Qc7 6. a3 a6 7. Be2 Nf6 8. Nb3 b5 9. Qd3 Bb7 10. f4 b4 11. Nd1 Na5 12. Nf2 Rc8 13. 0-0 Nxb3 14. cxb3 d5 15. e5 Ne4 16. Be3 bxa3 17. bxa3 Qc3 18. Rfc1 Qxd3 19. Bxd3 Bc5 20. Bxc5 Nxc5 21. b4 Nxd3 22. Nxd3 Ke7 23. Nc5 Rc7 24. Nxb7 Rxb7 25. Rc6 Ra8 26. Rb1 Raa7 27. Kf2 Rc7 28. Rbc1 Rxc6 29. Rxc6 Kd7 30. Rd6+ Kc7 31. Ke3 a5 32. b5 Rb7 33. a4 Rb6 34. Rxb6 Kxb6 35. Kd4 f5 36. exf6 gxf6 37. f5 e5+ 38. Kxd5 h5 39. h4 Kc7 40. g4 hxg4 41. Ke4 Kd6 42. h5 g3 43. Kf3 e4+ 44. Kxg3 Ke5 45. h6 1-0